000 00672nam a22001937a 4500
999 _c191293
_d191293
005 20220824113153.0
010 _aENG-134620
020 _a9789390631308
_c275.00
035 _aEN-118152
037 _bDBAD/PUB
082 _a600
100 _aM, Ravikanth
245 _aNovel Techniques For Records Matching Process and De-Deuplication Using Rough Sets/
_cRavikanth M and Sampath Korra
260 _aHyderabad
_bParamount Publishing House
_c2021
270 _aA-531, H.No. 4-32-521, Phase-1, Allwyn Colony, Kukatpally
_bHyderabad
_k040-23161070
_e500072
300 _axi, 114p.
_c25cm(pbk)
700 _aKorra, Sampath
942 _2ddc
_cEN
_h600
_mRAV